000 00701nam a22002057a 4500
999 _c4120
_d4120
003 AR-CdUCM
008 190308b ||||| |||| 00| 0 spa d
040 _aMUNICIPALIDAD PROVINCIAL DEL CUSCO
_cBIBLIOTECA MUNICIPAL DEL CUSCO
082 _a985.061 /
_bB77
100 _aBouroncle Carreón, Alfonso
_91522
245 _aLa tragedia del 79 /
260 _aLima :
_bStudium,
_c1985.
300 _a455 páginas ;
_c23 cm.
_bFotografías,
505 _aOrígenes del conflicto -- Se inicia la guerra -- Operaciones navales -- Primeras actividades -- Grau ...
650 _aHistoria
_9136
650 _aConflicto
_94870
650 _aGuerra del Pacífico
_913056
942 _2ddc
_cLIBROS
945 _admma